All Varaždin County settlements - Statistics

General Stats
  • This quiz has been taken 89 times
    57 since last reset
  • The average score is 165 of 303
Answers on the Map
Answers color-coded by a green-red scale on the quiz's map according to % correct below.
 
Answer Stats
Answer % Correct
Ludbreg
100%
Varaždin
100%
Gornji Kneginec
97%
Novi Marof
97%
Sračinec
97%
Varaždinske Toplice
97%
Donji Kneginec
94%
Ivanec
94%
Jalžabet
94%
Martijanec
94%
Petrijanec
94%
Poduzetnička Zona Jalžabet
94%
Trnovec
94%
Beretinec
91%
Lepoglava
91%
Varaždin Breg
91%
Vidovec
91%
Vinica
91%
Breznički Hum
89%
Donja Voća
89%
Hrašćica
89%
Ljubešćica
89%
Turčin
89%
Bartolovec
86%
Breznica
86%
Cestica
86%
Donji Kućan
86%
Gornja Voća
86%
Gornji Kućan
86%
Kućan Marof
86%
Majerje
86%
Novakovec
86%
Nova Ves Petrijanečka
86%
Bednja
83%
Beletinec
83%
Čukovec
83%
Gačice
83%
Gornji Martijanec
83%
Klenovnik
83%
Ključ
83%
Mali Bukovec
83%
Maruševec
83%
Otok Virje
83%
Sveti Đurđ
83%
Sveti Ilija
83%
Sveti Petar
83%
Svibovec
83%
Tužno
83%
Veliki Bukovec
83%
Visoko
83%
Zamlaka
83%
Bela
80%
Donje Makojišće
80%
Gornje Makojišće
80%
Kućan Ludbreški
80%
Lužan Biškupečki
80%
Nedeljanec
80%
Podrute
80%
Remetinec
80%
Sesvete Ludbreške
80%
Vinica Breg
80%
Žabnik
80%
Donje Ladanje
77%
Gornje Ladanje
77%
Hrženica
77%
Šemovec
77%
Slanje
77%
Štefanec
77%
Sudovec
77%
Trakošćan
77%
Vinogradi Ludbreški
77%
Vrtlinovec
77%
Apatija
74%
Cerje Nebojse
74%
Cerje Tužno
74%
Doljan
74%
Donja Višnjica
74%
Drašković
74%
Drenovec
74%
Dubravec
74%
Filipići
74%
Goranec
74%
Gornja Višnjica
74%
Grana
74%
Horvatsko
74%
Ivanečka Željeznica
74%
Jazbina Višnjička
74%
Ježovec
74%
Kamena Gorica
74%
Kapela Kalnička
74%
Karlovec Ludbreški
74%
Krč
74%
Krušljevec
74%
Leskovec Toplički
74%
Lipovnik
74%
Ljubelj
74%
Ljubelj Kalnički
74%
Luka Ludbreška
74%
Madžarevo
74%
Martinkovec
74%
Možđenec
74%
Orehovec
74%
Oštrice
74%
Paka
74%
Podevčevo
74%
Prigorec
74%
Rakovec
74%
Strmec Remetinečki
74%
Svibovec Podravski
74%
Tomaševec Biškupečki
74%
Topličica
74%
Vranojelje
74%
Željeznica
74%
Bednjica
71%
Fotez Breg
71%
Ivanečko Naselje
71%
Jalkovec
71%
Marčan
71%
Šćepanje
71%
Sigetec Ludbreški
71%
Strmec Podravski
71%
Zbelava
71%
Zelendvor
71%
Donje Vratno
69%
Gornje Vratno
69%
Križanec
69%
Margečan
69%
Poljana Biškupečka
69%
Žarovnica
69%
Bolfan
66%
Družbinec
66%
Jales Breznički
66%
Jarek Bisaški
66%
Jelenščak
66%
Pece
66%
Plemenšćina
66%
Rijeka Voćanska
66%
Segovina
66%
Seljanec
66%
Sveti Josip
66%
Vukovoj
66%
Završje Podbelsko
66%
Žigrovec
66%
Bisag
63%
Brezova Gora
63%
Hrastovsko
63%
Komarnica Ludbreška
63%
Mirkovec Breznički
63%
Presečno
63%
Presečno Visočko
63%
Seketin
63%
Gojanec
60%
Jerovec
60%
Ribić Breg
60%
Slivarsko
60%
Vinično
60%
Cvetlin
57%
Jazbina Cvetlinska
57%
Kaniža
57%
Podvorec
57%
Radovan
57%
Vrh Visočki
57%
Čret Bisaški
54%
Črnec Biškupečki
54%
Jakopovec
54%
Križovljan
51%
Krkanec
51%
Lančić
51%
Butkovec
49%
Jamno
49%
Kamenica
49%
Kelemen
49%
Natkrižovljan
49%
Radešić
49%
Bedenec
46%
Imbriovec Jalžabetski
46%
Kameničko Podgorje
46%
Kaštelanec
46%
Krščenovec
46%
Ledinec
46%
Ledinec Gornji
46%
Zalužje
46%
Knapić
43%
Lovrečan
43%
Mali Lovrečan
43%
Očura
43%
Tkalec
43%
Veliki Lovrečan
43%
Črešnjevo
40%
Črnile
40%
Jarki
40%
Lukavec
40%
Pešćenica Vinička
40%
Pišćanovec
40%
Salinovec
40%
Vratno Otok
40%
Borenec
37%
Čanjevo
37%
Cargovec
37%
Punikve
37%
Stažnjevec
37%
Zlogonje
37%
Dubrava Križovljanska
34%
Gečkovec
34%
Ivanečki Vrhovec
34%
Pleš
34%
Selnik
34%
Babinec
31%
Budinščak
31%
Crkovec
31%
Globočec Ludbreški
31%
Kapela Podravska
31%
Leštakovec
31%
Osečka
31%
Škriljevec
31%
Slokovec
31%
Struga
31%
Vitešinec
31%
Vuglovec
31%
Benkovec
29%
Čičkovina
29%
Đurinovec
29%
Falinić Breg
29%
Goruševnjak
29%
Greda
29%
Hrastovljan
29%
Jarki Horvatićevi
29%
Kamenički Vrhovec
29%
Kračevec
29%
Novaki
29%
Pašnik
29%
Petkovec Toplički
29%
Plitvica Voćanska
29%
Podgorje Bednjansko
29%
Priles
29%
Šaša
29%
Virje Križovljansko
29%
Vulišinec
29%
Čalinec
26%
Jelovec Voćanski
26%
Križanče
26%
Lunjkovec
26%
Pihovec
26%
Radovec
26%
Radovec Polje
26%
Selci Križovljanski
26%
Viletinec
26%
Zamlača
26%
Budislavec
23%
Druškovec
23%
Korenjak
23%
Koretinec
23%
Križovljan Radovečki
23%
Malo Gradišće
23%
Purga Bednjanska
23%
Vrhovec Bednjanski
23%
Brezje Dravsko
20%
Dubovica
20%
Hrastovec Toplički
20%
Kolarovec
20%
Koškovec
20%
Muričevec
20%
Novo Selo Podravsko
20%
Poljanec
20%
Prebukovje
20%
Rinkovec
20%
Rivalno
20%
Sudovčina
20%
Županec
20%
Madaraševec
17%
Mali Gorenec
17%
Martinić
17%
Meljan
17%
Papinec
17%
Veliki Gorenec
17%
Vrbanovec
17%
Boričevec Toplički
14%
Brodarovec
14%
Donja Poljana
14%
Gornja Poljana
14%
Jalševec Svibovečki
14%
Jurketinec
14%
Obrankovec
14%
Osonjak
14%
Šinkovica Bednjanska
14%
Šinkovica Šaška
14%
Vrbno
14%
Bikovec
11%
Biljevec
11%
Domitrovec
11%
Kapelec
11%
Prekno
11%
Retkovec Svibovečki
11%
Šijanec
11%
Tuhovec
11%
Čurilovec
9%
Lovrentovec
9%
Lukačevec Toplički
9%
Škarnik
9%
Grešćevina
6%
Rukljevina
6%
No matching quizzes found
Score Distribution
Percent of People with Each Score
Percentile by Number Answered
Your Score History
You have not taken this quiz since the last reset